000
00298nam a2200121Ia 4500
008
220216s9999 xx 000 0 und d
245
0
_a
New names for old diseases and pests
260
_b
Planters Bulletin
_c
1970
300
_a
111-112
650
_a
Pests
650
_a
Rubber diseases
942
_c
JS
999
_c
63858
_d
63858